|
|
|
|
| LEADER |
01263nam a22003132a 4500 |
| 001 |
000976740 |
| 003 |
CZ BrMZK |
| 005 |
20100511110840.0 |
| 007 |
ta |
| 008 |
091110s1905 xr er|||||||||||cze d |
| 040 |
|
|
|a ABA001
|b cze
|d BOA001
|
| 041 |
0 |
|
|a cze
|a lat
|
| 072 |
|
7 |
|a 821.162.3-1
|x Česká poezie
|2 Konspekt
|9 25
|
| 080 |
9 |
|
|a 821.162.3-1
|
| 080 |
9 |
|
|a (0:82-1)
|
| 100 |
1 |
|
|a Hammerschmidt, Jan Florián,
|d 1652-1735
|7 jk01033290
|4 aut
|
| 245 |
1 |
0 |
|a Allegoria :
|b protheus felicitatis et miserae Čechicae : staročeská země : satyra /
|c léta 1715 od Jana Floriána Hameršmida, faráře týnského v Praze, až do verše 105, složená a na světlo vydaná, potom od jesuitů dokonaná, léta 1829, pak podruhé do tisku daná od Jana Hýbla a potřetí léta 1891, od nakladatele vydání tohoto
|
| 246 |
3 |
0 |
|a Staročeská země
|
| 246 |
3 |
0 |
|a Protheus felicitatis et miseriae Čechicae
|
| 250 |
|
|
|a 4. vyd.
|
| 260 |
|
|
|a Praha :
|b F. Bačkovský,
|c 1905
|
| 300 |
|
|
|a 15 s. ;
|c 17 cm
|
| 546 |
|
|
|a Část. latinský text
|
| 655 |
|
7 |
|a česká poezie
|7 fd133958
|2 czenas
|
| 910 |
|
|
|a BOA001
|b 1-0378.048
|
| 990 |
|
|
|a BK
|
| 993 |
|
|
|a Y
|
| 991 |
|
|
|b 200911
|
| 996 |
6 |
|
|b 2619416167
|c 1-0378.048
|l MZK
|r Sklad / do 1 hodiny
|n 0
|w 000976740
|u 000010
|a 1
|e BOA001
|j MZK50
|s P
|